000 00270nam a2200121Ia 4500
100 _a#N/A
650 _aComputer/ IT
942 _cBK
654 _avhs
245 _aVHS to VCD with Fungus Cleaning - Negative Feedback - Lecture 38
260 _b#N/A
546 _aENGLISH
999 _c34847
_d34847